000 00357nam a2200145 i 4500
001 bg
100 1 _aBUBE, Richard H.
245 0 _aElectronic properties of crystalline solids /
_cRichard H. Bube.
260 _aNew York,
_c1974.
040 _cBPK
041 _apol
080 _a538.9:621.38
942 _cKS
008 s pl f |000 0 pol
999 _c26379
_d26379
856 _uhttp://koha.tu.koszalin.pl/cgi-bin/koha/opac-detail.pl?biblionumber=26379
_yKatalog online BPK